00416nam a22001337a 450000500170000000800410001704100130005808200130007110000130008424500400009726000860013730000340022365000250025720240527075128.0240527b |||||||| |||| 00| 0 eng d aEnglish  a349 LAW  lEnglish  aThe Law Reports: Chancery Division  aLondon: bThe Incorporated Council of Law Reporting for England and Wales, c1902 bxxxiii, 1004 pages; c25 cm.  aLegal practicebLaw